Sobotta: atlas de anatomía humana
Salvato in:
| Autori principali: | , |
|---|---|
| Natura: | Libro |
| Lingua: | spagnolo |
| Pubblicazione: |
Madrid
Médica Panamericana
1994
|
| Edizione: | 20a. ed |
| Soggetti: | |
| Tags: |
Aggiungi Tag
Nessun Tag, puoi essere il primo ad aggiungerne!!
|
MARC
| LEADER | 00000nam a2200000 a 4500 | ||
|---|---|---|---|
| 001 | UCN6477 | ||
| 003 | CL-VaPUC | ||
| 008 | 010928e19940000SP |||||||||||||||||spa|d | ||
| 082 | 0 | 4 | |a 611 |b PUT |2 21 |
| 100 | 0 | |a Putz, R |e author |9 462119 | |
| 700 | 0 | |a Pabst, R |e author |9 462120 | |
| 245 | 1 | 0 | |a Sobotta: atlas de anatomía humana |
| 250 | |a 20a. ed | ||
| 300 | |a v | ||
| 942 | |c BK | ||
| 945 | |d 20010928 00:00:00 |a vberengu | ||
| 260 | |a Madrid |b Médica Panamericana |c 1994 | ||
| 500 | |a v.1: Cabeza, cuello y miembro superior | ||
| 500 | |a v.2: Tronco, vísceras y miembro inferior | ||
| 650 | 0 | |a Anatomía humana |9 269546 | |
| 650 | 0 | |a Cabeza |9 344504 | |
| 650 | 0 | |a Cuello |9 344505 | |
| 583 | |a last modification |c 20010928 00:00:00 |k Rodrigo Vera | ||
| 999 | |c 297230 |d 297228 | ||
| 952 | |0 0 |1 0 |4 0 |6 611_000000000000000_PUT_1994 |7 0 |8 A |9 351769 |a BIBCUR |b BIBCUR |d 2019-11-21 |h v.1 |i 3756750 |l 7 |o 611 PUT 1994 |p 3756750 |r 2025-04-22 |s 2024-04-22 |w 2019-11-21 |y BK |k KIN | ||
| 952 | |0 0 |1 0 |4 0 |6 611_000000000000000_PUT_1994 |7 0 |8 A |9 351770 |a BIBCUR |b BIBCUR |d 2019-11-21 |h v.2 |i 3756769 |l 3 |o 611 PUT 1994 |p 3756769 |r 2025-04-22 |s 2023-05-12 |w 2019-11-21 |y BK |k KIN | ||